LEADER 04633nam 2200769 450 001 996552345503316 005 20191224155002.0 010 $a1-5261-3311-3 024 7 $a10.7765/9781526133113 035 $a(CKB)5400000000000637 035 $a(UkMaJRU)992979939226201631 035 $a(DE-B1597)659599 035 $a(DE-B1597)9781526133113 035 $a(EXLCZ)995400000000000637 100 $a20191224h20182018 |y| 0 101 0 $aeng 135 $aur||#---||||| 181 $ctxt$2rdacontent 182 $cc$2rdamedia 183 $acr$2rdacarrier 200 04$aThe power of vulnerability $emobilising affect in feminist, queer and anti-racist media cultures /$fedited by Anu Koivunen, Katariina Kyro?la?, Ingrid Ryberg 210 1$aManchester, UK :$cManchester University Press,$d2018. 210 4$dİ2018 215 $a1 online resource (xii,246 pages) $cillustrations (black and white); digital file(s) 311 $a1-5261-3309-1 311 $a1-5261-3312-1 320 $aIncludes bibliographical references and index. 327 $aList of figures -- 1. Vulnerability as a political language / Anu Koivunen, Katariina Kyro?la? and Ingrid Ryberg -- Part I: Vulnerability as a battleground -- 2. Negotiating vulnerability in the trigger warning debates / Katariina Kyro?la? -- 3. Trigger happy: from content warning to censorship / Jack Halberstam -- 4. Feminist hurt/feminism hurts / Sara Ahmed -- Part II: Vulnerability and visibility -- 5. Little Pink : white fragility and black social death / Ylva Habel -- 6. Visibility and vulnerability: negotiating transgender representation and encounters with translatina worlds in The Salt Mines and Wildness / Laura Horak -- 7. White vulnerability and the politics of reproduction in Top of the Lake: China Girl / Johanna Gondouin, Suruchi Thapar-Bjo?rkert and Ingrid Ryberg -- 8. Spectacularly wounded: white male vulnerability as heterosexual fantasy / Susanna Paasonen -- Part III: Vulnerability and cultural policy -- 9. The invulnerable body of colour: the failure and success of a Swedish Film Diversity initiative / Mara Lee Gerden -- 10. Naming, shaming, framing? The ambivalence of queer visibility in audio-visual archives / Dagmar Brunow -- 11. Abortion prevention: lesbian citizenship and filmmaking in Sweden in the 1970s / Ingrid Ryberg -- 12. The caring nation: Don't Ever Wipe Tears Without Gloves as a reparative fantasy / Anu Koivunen -- Index. 330 $aThis book investigates the new language of vulnerability that has emerged in feminist, queer and antiracist debates on media, taking a particular interest in the historical legacies and contemporary forms and effects of this language. Contributors such as Jack Halberstam and Sara Ahmed examine how vulnerability has become a battleground, how affect and vulnerability have turned into a politicised currency both for addressing and obscuring asymmetries of power, and how media activism and state policies address so-called vulnerable groups. Taking on such heated topics as trigger warnings and diversity policies, the book will be of interest to scholars and students in media and cultural studies, affect theory, gender studies, queer theory and critical race studies. 606 $aVulnerability (Personality trait) 606 $aAffect (Psychology) 606 $aPower (Social sciences) 606 $aMinorities in mass media 606 $aWomen in mass media 606 $aSexual minorities in mass media 606 $aMinorities$xSocial conditions 606 $aFilm and Media$2mup 606 $aCultural Studies$2bicssc 606 $aPERFORMING ARTS / Film / History & Criticism$2bisach 610 $aactivism. 610 $aaffect. 610 $abody. 610 $acritical race studies. 610 $acultural policy. 610 $afeminism. 610 $amedia. 610 $aqueer theory. 610 $asexuality. 610 $avulnerability. 615 0$aVulnerability (Personality trait) 615 0$aAffect (Psychology) 615 0$aPower (Social sciences) 615 0$aMinorities in mass media. 615 0$aWomen in mass media. 615 0$aSexual minorities in mass media. 615 0$aMinorities$xSocial conditions. 615 7$aFilm and Media 615 7$aCultural Studies 615 7$aPERFORMING ARTS / Film / History & Criticism 676 $a303.3 702 $aKoivunen$b Anu 702 $aKyro?la?$b Katariina 702 $aRyberg$b Ingrid 801 2$bUkMaJRU 912 $a996552345503316 996 $aThe power of vulnerability$93570791 997 $aUNISA LEADER 01625nas 2200481-a 450 001 996336700903316 005 20240413023422.0 011 $a2048-9285 035 $a(CKB)110978979591145 035 $a(CONSER)---96642159- 035 $a(EXLCZ)99110978979591145 100 $a19960503a199u9999 --- - 101 0 $aeng 181 $ctxt$2rdacontent 182 $cc$2rdamedia 183 $acr$2rdacarrier 200 00$aCountry forecast$iDenmark 210 $aLondon $cEconomist Intelligence Unit 215 $a1 online resource 311 08$aPrint version: Country forecast. 0966-9485 (DLC) 96642159 (OCoLC)34674039 517 3 $aDenmark 517 1 $aEIU country forecast 606 $aEconomic forecasting$zDenmark$vPeriodicals 606 $aEconomic indicators$zDenmark$vPeriodicals 606 $aEconomic forecasting$2fast$3(OCoLC)fst00901942 606 $aEconomic history$2fast$3(OCoLC)fst00901974 606 $aEconomic indicators$2fast$3(OCoLC)fst00901996 607 $aDenmark$xEconomic conditions$y1945-$vPeriodicals 607 $aDenmark$2fast$1https://id.oclc.org/worldcat/entity/E39QbtfRC7kMQT98kFPPM9vCkc 608 $aPeriodicals.$2fast 608 $aPeriodicals.$2lcgft 615 0$aEconomic forecasting 615 0$aEconomic indicators 615 7$aEconomic forecasting. 615 7$aEconomic history. 615 7$aEconomic indicators. 676 $a330.9489/005 712 02$aEconomist Intelligence Unit (Great Britain) 906 $aJOURNAL 912 $a996336700903316 920 $aexl_impl conversion 996 $aCountry forecast$92301489 997 $aUNISA